| 000 | 01008nas a2200337 4500 | ||
|---|---|---|---|
| 001 | BR2015006973 | ||
| 003 | BR-BrBNA | ||
| 005 | 20231205130014.0 | ||
| 007 | ta | ||
| 008 | 230509b bl.|||p| |||| 00| 00por d | ||
| 040 |
_aBR-BrBNA _bpor _cBiblioteca Nacional de Agricultura |
||
| 041 | _a(En) | ||
| 072 | _aQ01 | ||
| 100 | 1 | _aOrsi, R.O. | |
| 100 | 1 | _aFunari, S.R.C. | |
| 100 | 1 | _aSoares, A.M.V.C. | |
| 100 | 1 | _aCalvi, S.A. | |
| 100 | 1 | _aOliveira, S.L. | |
| 100 | 1 | _aSforcin, J.M. | |
| 100 | 1 | _aBankova, V. | |
| 245 | 1 | _aImmunomodulatory action of propolis on macrophage activation | |
| 650 | _aPROPOLIS | ||
| 650 | _aPRODUTO DE ORIGEM ANIMAL | ||
| 650 | _aANALISE BIOLOGICA | ||
| 650 | _aBIOQUIMICA | ||
| 650 | _aMEDICAMENTO | ||
| 773 | 0 |
_tJournal of Venomous Animals and Toxins (Brazil) _xISSN 1678-4936 _g(2000), v. 6(2) p. 205-219 _wBR2015006973 |
|
| 856 | 4 | 0 | _uhttp://dx.doi.org/10.1590/S0104-79302000000200006 |
| 909 |
_a202311 _bLúcia _c55 _dLúcia Elande |
||
| 942 |
_2AGRIS _n0 _cANA |
||
| 999 |
_c247392 _d247392 |
||